[Event "Voskresensk"]
[Site "Voskresensk"]
[Date "1993.??.??"]
[Round "?"]
[White "Belikov, Vladimir"]
[Black "Zaitsev, Igor A"]
[Result "1/2-1/2"]
[WhiteElo "2450"]
[BlackElo "2415"]
[Annotator "Horn,Pe"]
[PlyCount "146"]
[EventDate "1993.??.??"]
[EventType "tourn"]
[EventRounds "11"]
[EventCountry "RUS"]
[EventCategory "9"]
[SourceTitle "CBM 038"]
[Source "ChessBase"]
[SourceDate "1994.02.01"]
[SourceVersion "1"]
[SourceVersionDate "1994.02.01"]
[SourceQuality "1"]

1. b3 e5 2. Bb2 Nc6 3. e3 Nf6 4. Bb5 Bd6 {Suhle-Anderssen/Breslau/1859} 5. Na3
(5. Ne2) 5... Bxa3 $146 (5... Na5 6. Nf3 a6 7. Be2 Qe7 8. Qc1 b5 9. c4 bxc4 10.
Nxc4 Nxc4 11. Qxc4 a5 $132 {Murej-Sveshnikov/URS/1975}) (5... e4 6. Nc4 Be7 7.
Bxc6 bxc6 8. Ne2 O-O 9. Ng3 d5 10. Ne5 Qd6 $13 {Walti-Shabalov/Suhr op/1992})
6. Bxa3 d6 7. d4 exd4 $8 8. exd4 O-O 9. Ne2 Ng4 10. O-O Qh4 11. h3 Nh6 12. d5
Ne5 13. Qd4 (13. f4 a6 14. fxe5 axb5 15. Bb2) 13... Qxd4 14. Nxd4 Nf5 15. Nxf5
(15. Rad1) (15. Bb2 $14) 15... Bxf5 16. f4 a6 17. Be2 (17. fxe5 axb5 $10) 17...
Nd7 18. c4 $14 Rfe8 19. Rf2 Be4 20. Rd1 a5 21. g4 f5 22. Kh2 Re7 23. g5 Bc2 24.
Rc1 a4 $5 25. b4 Re3 26. Rxc2 (26. Bb2 Be4) 26... Rxa3 27. c5 Re8 $2 (27... Re3
$2 28. cxd6 cxd6 29. Rc7 $16) (27... Kf7 $2 28. cxd6 cxd6 29. Rc7 Ke7 30. Bb5
Rd8 31. Re2+ $18) (27... dxc5 $1 28. bxc5 c6 $132 {><c5}) 28. Bb5 $1 Rd8 (28...
Re7 $2 29. cxd6 cxd6 30. Rc7 $18) 29. Rfe2 (29. cxd6 $1 cxd6 30. Rc7 $16) 29...
dxc5 30. bxc5 Kf8 31. Kg2 Nb8 $6 32. d6 (32. Re5 $5 g6 33. c6 bxc6 34. dxc6 $16
{פb8}) 32... cxd6 33. cxd6 Nc6 (33... Rxd6 $4 34. Rc8+ $18) 34. Bxc6 bxc6 35.
Rxc6 Rd3 36. Ra6 $14 a3 37. Ra5 g6 38. Ra7 R8xd6 39. Rxh7 Rd2 40. Rh8+ Kf7 41.
Rh7+ Kf8 42. Rhe7 Rxe2+ 43. Rxe2 Rd3 44. h4 Kf7 45. Rc2 Rd4 46. Kf3 Rd3+ 47.
Kg2 Rd4 48. Rc7+ Kg8 49. Rc8+ Kg7 50. Rc7+ Kg8 51. Rc6 Rd2+ 52. Kg3 Rd3+ 53.
Kf2 Kg7 54. Rc7+ Kg8 55. Rc8+ Kg7 56. Ra8 Rd2+ 57. Ke3 Rxa2 58. Kd4 Re2 59.
Rxa3 Re4+ 60. Kd5 Rxf4 61. Ra7+ Kg8 62. h5 gxh5 63. Ke6 Rb4 64. g6 f4 65. Kf6
Rb8 66. Kg5 f3 67. Kh6 f2 68. Rg7+ Kh8 69. Rf7 h4 70. Rxf2 Kg8 71. Rf3 h3 72.
Rxh3 Rb1 73. Ra3 Rh1+ 1/2-1/2

[Event "URS-ch U26"]
[Site "Minsk"]
[Date "1990.??.??"]
[Round "?"]
[White "Magomedov, Magaram"]
[Black "Neverov, Valeriy"]
[Result "1-0"]
[WhiteElo "2360"]
[BlackElo "2505"]
[Annotator "Horn,Pe"]
[PlyCount "127"]
[EventDate "1990.01.??"]
[EventType "tourn"]
[EventRounds "13"]
[EventCountry "URS"]
[EventCategory "10"]
[SourceTitle "CBM 017"]
[Source "ChessBase"]
[SourceDate "1990.08.01"]
[SourceVersion "1"]
[SourceVersionDate "1990.08.01"]
[SourceQuality "1"]

1. b3 e5 2. Bb2 d6 3. e3 Nf6 4. d4 e4 $6 (4... Nbd7 $1 5. Nf3 e4 6. Nfd2 d5 7.
c4 c6 {Ingenerf-Budde, Wuppertal 1986}) 5. d5 $5 {verlängert Bb2; Pe4 soll als
Schwäche nachgewiesen werden} c6 6. c4 cxd5 7. cxd5 Be7 8. Nc3 O-O 9. Nge2 Bf5
10. Ng3 Bg6 11. Qd4 $1 {droht schon Nxe4 (><g7)} Qa5 12. Be2 Re8 13. O-O Bf8
14. Bd1 $5 {/\ Bc2} Nbd7 15. Bc2 Qb6 16. Rad1 Nc5 (16... Qxd4 17. Rxd4) 17. b4
Rac8 18. Na4 Nxa4 19. Bxa4 Qxd4 20. Bxd4 $16 Re7 (20... Red8 21. Bxa7 Ra8 22.
Bb6) 21. Bb3 (21. Bxa7 $4 Ra8) 21... a6 22. a4 Nd7 23. Rc1 Ree8 24. a5 Ne5 25.
Ba4 Nd3 26. Bxe8 Nxc1 (26... Rxc1 27. Rxc1 Nxc1 28. Bd7 Nd3 29. Bc3 {/\ Bc8 +-}
) 27. Bd7 Rc7 28. Bb6 Rxd7 29. Rxc1 f5 30. Ne2 Bf7 31. Nf4 g5 32. Ne6 Bxe6 33.
dxe6 Re7 34. Bd8 Re8 (34... Rxe6 35. Bxg5 d5 36. Rc8) 35. Bxg5 d5 36. Rc7 Bxb4
37. Rxb7 Bxa5 38. e7 Kf7 39. Rd7 Bb4 40. Rxd5 Ke6 41. Rd8 Kf7 42. Rd7 a5 43.
Ra7 Kg6 44. Bh4 Kh5 45. g3 Kg6 46. Ra6+ Kg7 47. Kg2 Bxe7 48. Bxe7 Rxe7 49. Rxa5
Kg6 50. Ra6+ Kf7 51. Kh3 Rb7 52. Ra2 Rb6 53. Ra5 Rh6+ 54. Kg2 Rf6 55. Rc5 h5
56. f3 exf3+ 57. Kxf3 Kg6 58. Kf4 Rb6 59. Rd5 Rb2 60. Rd6+ Kg7 61. h4 Rb8 62.
Kxf5 Rf8+ 63. Ke5 Re8+ 64. Kd4 1-0

[Event "Brno Morava-B"]
[Site "Brno"]
[Date "1991.??.??"]
[Round "6"]
[White "Bagirov, Vladimir"]
[Black "Blatny, Pavel"]
[Result "1/2-1/2"]
[WhiteElo "2485"]
[BlackElo "2480"]
[Annotator "Horn,Pe"]
[PlyCount "81"]
[EventDate "1991.09.??"]
[EventType "tourn"]
[EventRounds "11"]
[EventCountry "CZE"]
[EventCategory "10"]
[SourceTitle "CBM 026"]
[Source "ChessBase"]
[SourceDate "1992.02.01"]
[SourceVersion "1"]
[SourceVersionDate "1992.02.01"]
[SourceQuality "1"]

1. b3 e5 2. Bb2 d6 3. g3 g6 4. Bg2 Bg7 5. c4 Nc6 6. Nc3 (6. e3 Nh6 (6... Nge7
7. Nc3 h5 8. h4 Bg4 9. Nge2 Qd7 10. d3 O-O $10 {Flesch-Bednarski, Varna 1968})
7. Ne2 O-O 8. Nbc3 f5 9. d3 Qe8 10. Nd5 Rf7 11. Qd2 Nd8 12. O-O Ne6 $10 {
Flesch-Suttles, Sombor 1970}) (6. Nf3 Nge7 7. O-O Nf5 8. Nc3 h5 9. e3 h4 $13 {
Passerotti-Mariotti, Imperia 1973}) 6... Be6 (6... Nf6 7. Nf3 O-O 8. O-O Re8 9.
d3 a6 10. Nd5 Nxd5 11. cxd5 Ne7 12. e4 c6 $10 {Visier-Blau, Wien 1972}) 7. d3
Qd7 8. Nf3 Bh3 9. Bxh3 Qxh3 10. Nd5 Qd7 11. h4 (11. e4 $5) 11... f5 12. e4 (12.
h5 $5) (12. Ng5 {/\ Ne6} O-O-O) 12... O-O-O 13. Qe2 Rf8 $1 14. Nd2 Nh6 15.
O-O-O Rf7 16. f3 Rhf8 17. Rdf1 Kb8 18. Kb1 Nd8 19. Nb4 Ne6 20. Nc2 Ng8 $1 21.
h5 Bh6 22. hxg6 hxg6 {/\ Bxd2,fxe4-+} 23. Bc1 Bg5 24. Rf2 Ne7 {/\ Nc6-d4} 25.
Rfh2 Nc6 26. Rh8 Ncd4 27. Nxd4 Nxd4 28. Qd1 b6 (28... Bxd2 $5 29. Bxd2 fxe4 30.
fxe4 b6 $15) 29. f4 $1 exf4 30. Nf3 Nxf3 31. Qxf3 fxe4 32. Qxe4 Qf5 33. Qxf5
Rxf5 34. Rxf8+ Rxf8 35. Rf1 Kb7 36. gxf4 Kc6 37. a3 a6 38. Kc2 Bh6 39. Rg1 Rf6
40. Rg2 Kd7 41. Bb2 1/2-1/2

[Event "Sydney Mercantile"]
[Site "Sydney"]
[Date "1991.??.??"]
[Round "6"]
[White "Rogers, Ian"]
[Black "Solomon, Stephen J"]
[Result "1/2-1/2"]
[WhiteElo "2545"]
[BlackElo "2420"]
[Annotator "Horn,Pe"]
[PlyCount "87"]
[EventDate "1991.04.??"]
[EventType "tourn"]
[EventRounds "9"]
[EventCountry "AUS"]
[EventCategory "10"]
[SourceTitle "CBM 023"]
[Source "ChessBase"]
[SourceDate "1991.08.01"]
[SourceVersion "1"]
[SourceVersionDate "1991.08.01"]
[SourceQuality "1"]

1. b3 e5 2. Bb2 Nc6 3. e3 d6 4. Nf3 g6 5. d4 {N} (5. Bb5) (5. c4) 5... Bg7 6.
dxe5 Nxe5 7. Nc3 (7. Nxe5 Bxe5 8. Bxe5 dxe5 9. Qxd8+ Kxd8 $10) 7... Ne7 8. Be2
O-O 9. O-O (9. Qd2 $5) 9... d5 $1 10. Rb1 Nxf3+ 11. Bxf3 Be6 $10 12. Na4 Bxb2
13. Rxb2 Qd6 14. c4 dxc4 15. bxc4 Bxc4 16. Qxd6 cxd6 17. Rc1 d5 18. Rxb7 Nf5
19. g4 Nd6 20. Rd7 Rfd8 21. Rc7 Rdc8 22. Rxc8+ Rxc8 23. Nc3 Rc5 24. Rd1 Ne4 25.
Bxe4 dxe4 26. Nxe4 Ra5 27. g5 h6 (27... Rxa2 $4 28. Rd8+ Kg7 29. Nf6 $18) 28.
h4 hxg5 29. hxg5 Kf8 30. f4 Ke7 31. Rc1 Bxa2 32. Ra1 Ra6 33. Nc5 Ra3 34. Kf2 a5
35. e4 a4 36. Na6 Rh3 37. Kg2 (37. Rxa2 $4 Rh2+ $19) 37... Be6 38. f5 $1 Rh5
39. fxe6 Rxg5+ 40. Kf3 Ra5 41. Nb8 Kxe6 42. Nc6 Ra6 43. Nb4 Ra5 44. Nc6 1/2-1/2

[Event "Groningen op"]
[Site "Groningen"]
[Date "1990.??.??"]
[Round "4"]
[White "Minasian, Artashes"]
[Black "Hansen, Curt"]
[Result "1/2-1/2"]
[WhiteElo "2495"]
[BlackElo "2560"]
[Annotator "Horn,Pe"]
[PlyCount "74"]
[EventDate "1990.??.??"]
[EventType "swiss"]
[EventRounds "9"]
[EventCountry "NED"]
[SourceTitle "CBM 022"]
[Source "ChessBase"]
[SourceDate "1991.06.01"]
[SourceVersion "1"]
[SourceVersionDate "1991.06.01"]
[SourceQuality "1"]

1. b3 e5 2. Bb2 d6 3. e3 g6 4. f4 {N} (4. Nf3 Bg7 5. d4 $10) 4... Bg7 5. Nf3
Nf6 6. fxe5 Ng4 7. Nc3 dxe5 8. Ba3 Be6 9. h3 Nh6 10. e4 Nd7 11. Qe2 (11. Bc4
Bxc4 12. bxc4 c5 13. O-O O-O 14. Nd5 $10) 11... c6 12. O-O-O Qa5 $10 13. Bb2
O-O-O (13... f6 $5 $10) 14. Ng5 (14. g4 $10) 14... Nf8 15. Na4 (15. Nxe6 Nxe6
$15) 15... f6 16. Nf3 Nd7 17. Qf2 Kb8 18. g4 Rhe8 19. g5 Nf7 20. gxf6 Nxf6 21.
Nc3 (21. Nxe5 Nxe4 $17) 21... Nh5 22. h4 Nf4 23. Ng5 Nxg5 24. hxg5 Bg8 25. Bc4
Bxc4 26. Rxh7 Bf8 27. bxc4 Ba3 28. Bxa3 Qxa3+ 29. Kb1 Rd4 (29... Qb4+ $2 30.
Ka1 Qxc4 31. Rb1 $18) 30. Ka1 Rxc4 31. Rb1 Rb4 32. Qh2 Rxb1+ 33. Nxb1 Qd6 34.
Qh6 Rg8 35. Rxb7+ Kxb7 36. Qh7+ Ka6 37. Qxg8 Qd4+ 1/2-1/2

[Event "Mitropa Cup 14th"]
[Site "Brno"]
[Date "1991.??.??"]
[Round "1"]
[White "Bischoff, Klaus"]
[Black "Stohl, Igor"]
[Result "0-1"]
[WhiteElo "2510"]
[BlackElo "2555"]
[Annotator "Horn,Pe"]
[PlyCount "130"]
[EventDate "1991.10.??"]
[EventType "team-tourn"]
[EventRounds "7"]
[EventCountry "CSR"]
[SourceTitle "CBM 026"]
[Source "ChessBase"]
[SourceDate "1992.02.01"]
[SourceVersion "1"]
[SourceVersionDate "1992.02.01"]
[SourceQuality "1"]

1. b3 e5 2. Bb2 d6 3. g3 g6 4. Bg2 Bg7 5. c4 Nf6 6. e3 O-O 7. Ne2 Re8 8. Nbc3
c6 9. d4 e4 10. h3 $2 (10. d5 $5) 10... d5 11. cxd5 $6 cxd5 12. Qd2 Nc6 13. Ba3
(13. O-O h5 $40) 13... b6 14. O-O Ba6 15. Rfc1 Qd7 16. Qd1 Rac8 17. Bf1 Bf8 18.
Bxf8 Kxf8 19. a3 (19. Nf4 Bxf1 20. Qxf1 g5 21. Nfe2 Nb4 $17) 19... Na5 20. Na2
$2 (20. b4 Nc4 $17) (20. Kh2 $17) 20... Bxe2 $19 21. Bxe2 (21. Qxe2 Nxb3 $19)
21... Qxh3 22. Nb4 h5 23. Rxc8 Rxc8 24. Rc1 Kg7 25. Rxc8 Qxc8 26. Qc2 Qxc2 27.
Nxc2 Nxb3 28. Nb4 a5 29. Na2 Nd2 30. Nc3 Kf8 31. Ba6 Ke7 32. Bb7 Ke6 33. Nb5
Nc4 34. Bc6 a4 35. Nc3 Kd6 36. Bxa4 Nxa3 37. Kf1 g5 38. Kg2 Nc4 39. Bb5 Nd2 40.
Be2 Nc4 41. Bd1 Ng4 42. Ba4 f5 43. Be8 h4 44. gxh4 gxh4 45. Nd1 Nd2 46. Kh3 Nf3
47. Ba4 Nf6 48. Nc3 Ng4 49. Nd1 Ke7 50. Bc6 Ke6 51. Bb5 Nf6 52. Nc3 Ng8 53. Bc6
Ne7 54. Bb7 f4 55. Kg4 fxe3 56. fxe3 Ne1 57. Nxe4 dxe4 58. Bxe4 Nd5 59. Kxh4
Nc3 60. Bh7 Ng2+ 61. Kg3 Nxe3 62. Kf2 Ng4+ 63. Kf3 Nf6 64. Bd3 Kd5 65. Ke3 Ng4+
0-1

[Event "URS-ch58"]
[Site "Moscow"]
[Date "1991.??.??"]
[Round "9"]
[White "Ibragimov, Ildar"]
[Black "Novikov, Igor A"]
[Result "0-1"]
[WhiteElo "2485"]
[BlackElo "2550"]
[Annotator "Horn,Pe"]
[PlyCount "78"]
[EventDate "1991.11.??"]
[EventType "swiss"]
[EventRounds "11"]
[EventCountry "URS"]
[SourceTitle "URS-ch"]
[Source "ChessBase"]
[SourceDate "1999.07.01"]
[SourceVersion "1"]
[SourceVersionDate "1999.07.01"]
[SourceQuality "1"]

1. b3 d5 2. Bb2 Bg4 3. f3 Bh5 4. Nh3 {N} (4. e3 $10) 4... e6 5. Nf4 Bg6 6. g3
Nf6 7. Nxg6 hxg6 8. Bg2 Bd6 9. O-O (9. d4) 9... Nbd7 10. c4 Qe7 11. d4 c6 12.
cxd5 $2 (12. e4 $6 dxe4 13. fxe4 e5 $36) (12. f4 $10) 12... Nxd5 $1 13. Qd2
Rxh2 $1 $19 14. f4 (14. Kxh2 Qh4+ 15. Kg1 (15. Bh3 Qxg3+ 16. Kh1 Qh2#) 15...
Bxg3 16. Rd1 Bf2+ 17. Kf1 Ne3+) 14... Rh7 15. e4 Bb4 16. Qe2 Nc7 17. Nd2 g5 18.
f5 exf5 19. Rxf5 g6 20. Rf2 O-O-O 21. a3 Bxd2 22. Qxd2 Kb8 23. a4 f6 24. b4 Qd6
25. e5 $2 Nxe5 26. b5 Nc4 27. Qc3 Nxb2 28. bxc6 Nd5 29. Qxb2 Qxg3 30. Rf3 Qh2+
31. Kf1 Nf4 32. Rb3 Qxg2+ 33. Qxg2 Nxg2 34. Kxg2 Rxd4 35. Re1 Rg4+ 36. Kf3 Rh3+
37. Kxg4 Rxb3 38. Re6 Rb6 39. Rxf6 Rxc6 0-1

[Event "Hastings 9192"]
[Site "Hastings"]
[Date "1991.??.??"]
[Round "14"]
[White "Chandler, Murray G"]
[Black "Suetin, Alexey S"]
[Result "1-0"]
[WhiteElo "2605"]
[BlackElo "2405"]
[Annotator "Horn,Pe"]
[PlyCount "217"]
[EventDate "1991.12.??"]
[EventType "tourn"]
[EventRounds "14"]
[EventCountry "ENG"]
[EventCategory "14"]
[SourceTitle "CBM 027"]
[Source "ChessBase"]
[SourceDate "1992.04.01"]
[SourceVersion "1"]
[SourceVersionDate "1992.04.01"]
[SourceQuality "1"]

1. b3 e5 2. Bb2 d6 3. c4 Nf6 4. Nc3 Nc6 5. g3 d5 6. cxd5 Nxd5 7. Bg2 Be6 8. Nf3
Be7 9. O-O Nxc3 10. Bxc3 Bf6 (10... f6 11. d4 $14) 11. d3 O-O 12. Qd2 Re8 13.
Rac1 Nd4 14. Ne1 c6 15. e3 Nb5 16. Bb2 a5 17. Qc2 Nc7 18. Be4 Nd5 19. a3 g6 20.
Nf3 Bh3 21. Rfe1 Bg4 22. Nd2 Bg7 23. Bg2 Rc8 24. Nc4 b5 25. Nd2 Qe7 (25... c5
$5 26. Ne4 Bf8 $10) 26. Ne4 Red8 27. Nc5 b4 $2 28. Qc4 Be6 29. Nxe6 Qxe6 30. a4
Qd6 31. Red1 Nc3 32. Bxc3 bxc3 33. Rxc3 c5 34. Rcc1 Qb6 $6 (34... h5) 35. Bd5
Rc7 36. e4 h5 37. Rc2 Bf6 38. Qc3 Kg7 39. Qd2 Rb8 40. Kh1 Rd8 41. Qe3 h4 42.
Rdc1 Rdc8 43. Qf3 Qd6 44. Qe3 Qe7 45. Rf1 Rh8 46. Qe1 Ra7 47. Qc3 Rc8 48. Kg1
Qd7 49. Qd2 Qg4 50. Qe2 Qd7 51. Kh1 Qd6 52. Qg4 Rh8 53. Kg2 Rc7 54. Rcc1 Rb8
55. Rce1 Qd7 56. Qxd7 Rxd7 57. Rc1 Rc7 58. Rc4 Rh8 59. Rfc1 Rhc8 60. Kh3 hxg3
61. hxg3 Be7 62. Kg4 Bd6 63. Rh1 Rh8 64. Rxh8 Kxh8 65. Rc1 Kg7 66. Kf3 Ra7 67.
Ke2 Ra6 68. Kd2 Rb6 69. Kc3 Rb4 70. Bc4 g5 71. Kd2 Be7 72. Rh1 Rb6 73. Rh5 Rb8
74. Kc3 Rd8 75. Kd2 Kg6 76. Rh2 Bd6 77. Ke2 Be7 78. Kf3 Bf6 79. Rh1 Bg7 80. Bd5
Rb8 81. Kg4 Bf6 82. Bc4 Be7 83. f4 $1 exf4 84. gxf4 gxf4 85. Kxf4 Bg5+ 86. Ke5
Be3 87. Rh3 Bd4+ 88. Kd6 Kg7 89. Kc7 Be5+ 90. Kc6 Bd4 91. Rf3 f6 92. Rg3+ Kh6
93. Rf3 Kg7 94. Rf5 Kf8 95. Rh5 Kg7 96. Kc7 Rb4 97. Rd5 Kg6 98. Rd8 Kg5 99. Ra8
Bc3 100. Kc6 Kf4 101. Kxc5 Rb7 102. Rh8 f5 103. Rg8 fxe4 104. dxe4 Rd7 105. Bd5
Ke5 106. Kb5 Kd6 107. Rg6+ Kc7 (107... Ke5 108. Ra6 $18) 108. Rc6+ Kb8 109.
Rxc3 1-0

[Event "Sydney"]
[Site "Sydney"]
[Date "1990.??.??"]
[Round "5"]
[White "Wong, Meng Kong"]
[Black "Solomon, Stephen J"]
[Result "1-0"]
[WhiteElo "2410"]
[BlackElo "2385"]
[Annotator "Horn,Pe"]
[PlyCount "182"]
[EventDate "1990.??.??"]
[EventType "tourn"]
[EventRounds "9"]
[EventCountry "AUS"]
[EventCategory "6"]
[SourceTitle "CBM 020"]
[Source "ChessBase"]
[SourceDate "1991.02.01"]
[SourceVersion "1"]
[SourceVersionDate "1991.02.01"]
[SourceQuality "1"]

1. b3 d5 2. Bb2 Nf6 3. e3 c6 (3... Bg4) 4. Be2 a5 (4... g6 $10) 5. Nf3 Bg4 6.
c4 e6 7. h3 Bxf3 8. Bxf3 a4 9. cxd5 a3 10. Bc3 cxd5 11. b4 Qb6 12. Qb3 Qa7 13.
d3 Na6 $6 (13... Be7 $10) 14. Nxa3 Nxb4 15. Bxb4 Bxb4+ 16. Qxb4 Qxa3 17. Qb5+
Nd7 18. O-O Qa6 19. Qb4 Ne5 20. Be2 Nc6 21. Qb2 O-O 22. d4 Qa3 $2 (22... Qa7 {
/\ Na5}) 23. Qxb7 Na5 24. Qb1 Rfc8 25. Rc1 g6 26. Rc2 Kg7 27. Qc1 Nb3 28. Qxa3
(28. axb3 Rxc2 29. Qxa3 Rxa3 30. Rxa3 Rxe2 31. Ra7 Rb2 32. Rb7) 28... Rxa3 29.
Rxc8 Nxa1 30. Rc1 Rxa2 31. Bd1 $1 $18 h5 32. h4 Kf6 33. g3 Kf5 34. Kg2 Ra3 35.
Rc7 Kf6 36. g4 hxg4 37. Bxg4 Ra8 38. Bd1 Rb8 39. Rc1 Ra8 40. Kg3 Ra7 41. Kf4
Ra2 42. f3 Ra5 43. e4 Kg7 44. exd5 Rxd5 45. Rxa1 Rxd4+ 46. Kg3 e5 47. Bc2 Rd7
48. Ra5 Kf6 49. Rb5 Rd4 50. Rb7 Kg7 51. Bb3 Rf4 52. Re7 Rf5 53. Be6 Rf4 54. Bd5
Rf5 55. Re8 Rh5 56. Be4 Kh7 57. Bc6 Kg7 58. Bd7 Kf6 59. Bg4 Rh7 60. Ra8 Ke7 61.
Ra7+ Kf6 62. Ra6+ Kg7 63. Ra5 Kf6 64. Ra2 Rh8 65. Re2 Rh7 66. Rh2 Kg7 67. Re2
Kf6 68. Rc2 Rh8 69. Rc8 Rh7 70. Rc7 Rh8 71. Bd7 Rh5 72. Be8 Rh8 73. Bb5 Rh5 74.
Bc4 Rh7 75. Bd5 Rg7 76. Kf2 Rh7 77. Ke3 Rg7 78. Rd7 Rh7 79. Ra7 Rg7 80. Ke4 Rh7
81. Ra6+ Ke7 82. Kxe5 Rh5+ 83. Ke4 Rxh4+ 84. Ke3 Rh7 85. Kf4 Kf8 86. Ra8+ Kg7
87. Ra7 Kf8 88. Rb7 Kg8 89. Kg3 Kf8 90. Bb3 Kg8 91. Rb4 Rh1 1-0

[Event "Dortmund op-A"]
[Site "Dortmund"]
[Date "1992.??.??"]
[Round "7"]
[White "Ibragimov, Ildar"]
[Black "Stohl, Igor"]
[Result "1/2-1/2"]
[WhiteElo "2515"]
[BlackElo "2560"]
[Annotator "Horn,Pe"]
[PlyCount "67"]
[EventDate "1992.04.??"]
[EventType "swiss"]
[EventRounds "11"]
[EventCountry "GER"]
[SourceTitle "CBM 029"]
[Source "ChessBase"]
[SourceDate "1992.08.01"]
[SourceVersion "1"]
[SourceVersionDate "1992.08.01"]
[SourceQuality "1"]

1. b3 e5 2. Bb2 d6 3. g3 g6 4. d4 Nd7 5. Bg2 Bg7 6. c4 exd4 (6... f5 $5 7. dxe5
dxe5 8. Nf3 Nh6 9. O-O O-O 10. Qd2 Nf7 11. Nc3 c6 12. Rad1 Qe7 13. e4 f4 $1
$132 {Stein-Gausel, Gausdal 1990}) 7. Bxd4 Ngf6 8. Nh3 O-O 9. O-O c6 10. Nf4
Nc5 11. Nc3 Bf5 12. f3 Ne6 $1 13. Nxe6 Bxe6 14. Rc1 (14. e4 c5 (14... d5 15.
cxd5 cxd5 16. e5 Nd7 17. f4 $16) 15. Be3 $6 (15. Bxf6 Qxf6 16. Rc1) 15... Ng4
$15) 14... d5 15. cxd5 Nxd5 16. Bxg7 Kxg7 17. Qd4+ Qf6 18. Qxf6+ Kxf6 $10 19.
Ne4+ Ke7 20. Kf2 Rad8 21. a3 a5 22. Nc5 Bc8 23. f4 Nc7 24. Rfd1 Ne6 25. b4 axb4
26. axb4 Rxd1 27. Rxd1 Rd8 28. Rxd8 Kxd8 29. Ke3 Ke7 30. Nxe6 Bxe6 31. Kd4 Kd6
32. e4 b6 33. e5+ Kd7 34. Bf3 1/2-1/2

[Event "FRA-ch"]
[Site "Narbonne"]
[Date "1997.08.16"]
[Round "2"]
[White "Bricard, Emmanuel"]
[Black "Anic, Darko"]
[Result "1-0"]
[WhiteElo "2350"]
[BlackElo "2445"]
[Annotator "King,D"]
[PlyCount "81"]
[EventDate "1997.08.15"]
[EventType "tourn"]
[EventRounds "15"]
[EventCountry "FRA"]
[EventCategory "9"]
[SourceTitle "CBM 061"]
[Source "ChessBase"]
[SourceDate "1997.11.23"]
[SourceVersion "1"]
[SourceVersionDate "1997.11.23"]
[SourceQuality "1"]

1. b3 f5 2. Bb2 Nf6 3. g3 g6 4. Bxf6 exf6 5. e3 d5 6. Ne2 Be6 7. Bg2 c6 8. d4
a5 9. Nd2 Na6 10. h4 Ba3 11. Nf4 Bf7 12. g4 fxg4 13. Qxg4 Qd7 14. Qf3 Qe7 15.
h5 O-O-O 16. Kf1 f5 17. c4 Bb4 {(Piece versus pawns). Unsurprisingly, White
could not resist sacrificing a piece, but the position isn't as clear as the
game continuation might suggest.} 18. cxd5 Bxd2 (18... cxd5 19. Qe2 {[%cal
Rd2f3,Rf3e5] should be better for White with the knight coming to f3 and then
e5, but Black is not without counterchances against White's king.} (19. hxg6 {
doesn't win a pawn:} hxg6 20. Rxh8 Rxh8 21. Nxd5 Bxd5 22. Qxd5 Bxd2)) 19. dxc6
b5 (19... Nc7 {might have been a better way to defend:} 20. cxb7+ Kb8 21. Nd3 (
21. Qe2 Bb4 22. Nd3 (22. hxg6 hxg6 23. Rxh8 Rxh8 24. Nd3 Bd6) 22... Bd5) 21...
Bd5 22. Qg3 Kxb7) 20. Qe2 Bb4 21. Qxb5 Qa7 22. hxg6 hxg6 23. Rxh8 Rxh8 24. Rc1
{White has three pawns and a massive initiative; in the end it is all too much
for Black to take.} Nc7 25. Qe5 Rd8 26. Qg7 Ne8 27. Qh6 Qe7 28. Nd3 Bd6 29. Nc5
Nf6 30. Nb7 Ng4 31. Qh1 Re8 (31... Nxe3+ {would have been insufficient, but
it's close:} 32. fxe3 Qxe3 33. Nxd6+ (33. Re1 Qd3+ 34. Re2 Bg3) 33... Rxd6 34.
Qh8+ Kc7 35. Re1 Qf4+ 36. Kg1 {should be good for White.}) 32. Nxd6+ Qxd6 33.
c7 Qa6+ 34. Kg1 Be6 35. Bf3 Nf6 36. Bc6 Bd7 37. Qf3 Ne4 38. Bxd7+ Kxd7 39. Qh3
Qf6 40. c8=Q+ Rxc8 41. Qh7+ 1-0

[Event "Bundesliga 9900"]
[Site "Germany"]
[Date "2000.04.09"]
[Round "15.4"]
[White "Bischoff, Klaus"]
[Black "Huebner, Robert"]
[Result "1/2-1/2"]
[WhiteElo "2509"]
[BlackElo "2599"]
[Annotator "Kostakiev,D"]
[PlyCount "60"]
[EventDate "1999.10.09"]
[EventType "team-tourn"]
[EventRounds "15"]
[EventCountry "GER"]
[SourceTitle "CBM 076"]
[Source "ChessBase"]
[SourceDate "2000.05.31"]
[SourceVersion "1"]
[SourceVersionDate "2000.05.31"]
[SourceQuality "1"]
[WhiteTeam "Koenig Plauen"]
[BlackTeam "Solingen"]
[WhiteTeamCountry "GER"]
[BlackTeamCountry "GER"]

1. b3 e5 2. Bb2 Nc6 ({Nimzowitsch has only 3 games using 1.b3. He debuted with
it unsuccesfully in 1927 like that:} 2... f6 3. e4 Bc5 4. Bc4 Ne7 5. Qh5+ g6 6.
Qf3 Nbc6 7. Ne2 Rf8 8. g4 f5 9. gxf5 d5 10. exd5 Rxf5 11. Qe4 Nb4 12. Nbc3
Bxf2+ $15 {0-1 Nimzowitsch,A-Winter,W/London 1927/HCL (45)}) 3. e3 ({The first
game with 1.b3!? continued (150 years ago!!) on rather modernistic way:} 3. g3
d5 4. Bg2 Nf6 5. e3 Bf5 {1-0 Van't Kruijs-De Heer,M/Amsterdam 1851/EXT 99 (27)}
) 3... d6 4. Nf3 Nf6 5. Be2 g6 {Keen in his book devoted to Nimtsovich,
launched the idea that King Indish is the best defance against b2-b3} 6. d4
$146 (6. O-O Bg7 7. d4 (7. c4 O-O 8. d3 Re8 9. Nbd2 h6 (9... Bf5 $142 $5) 10.
a3 a5 11. Qc2 Nh7 12. Bc3 $11 {1-0 Aagaard,J-Krogh,C/Aarhus 1990/EXT 98 (40)})
7... O-O 8. d5 Nb8 9. c4 Ne8 10. Nc3 $14 {1/2-1/2 Martinkova,M-Buldrova,M/
Hradec Kralove 1997/EXT 98 (22)}) 6... exd4 (6... e4 $5) 7. Nxd4 (7. exd4 Bg7
8. O-O O-O 9. Nc3 (9. d5 Nb4 10. c4 Re8 11. a3 Na6 12. Re1 Nc5 13. b4 Ncd7 14.
Bd3 c6 15. dxc6 Rxe1+ 16. Qxe1 $11) 9... Re8 10. Re1 d5 $11) 7... Nxd4 (7...
Ne5 8. Nf3 Nxf3+ 9. Bxf3 Bg7 10. c4 $14) 8. Qxd4 $11 (8. Bxd4 Bg7 9. O-O O-O
10. c4 Re8 $11) 8... Bg7 9. c4 (9. Nc3 O-O 10. O-O Bf5 11. Qb4 Ne4 $15) (9. Na3
O-O 10. O-O-O a5 11. Nb5 Ne8 12. Qf4 g5 13. Qf3 Bxb2+ 14. Kxb2 a4 $15) (9. Nd2
O-O 10. O-O-O c5 11. Qd3 d5 $15) 9... O-O 10. Nc3 (10. O-O Nh5 11. Qd2 Nf6 $14)
10... c6 11. Qd2 d5 12. cxd5 Nxd5 13. Nxd5 Bxb2 14. Qxb2 Qxd5 15. O-O Be6 (
15... Qg5) 16. Bc4 Qf5 17. Bxe6 Qxe6 18. Rad1 Rfd8 19. Rd2 Rd5 20. Rfd1 Rad8
21. Rxd5 Rxd5 22. Rxd5 Qxd5 23. f3 c5 24. Kf2 Qd6 25. Qc3 h5 26. a4 b6 27. f4
Qd5 28. Qc4 Qd2+ 29. Qe2 Qd5 30. Qc4 Qd2+ 1/2-1/2